Tajikistan Cities Quiz Stats

 Plays Quiz not verified by Sporcle

Challenge
Share
Tweet
Embed
Score 0/49 Timer 07:00
0 Plays Today
Population City % Correct
778,500Dushanbe
100%
144,865Khujand
53.8%
78,786Kulob
53.8%
52,851Istaravshan
46.2%
37,995Tursunzoda
46.2%
65,000Qurghonteppa
38.5%
50,359Konibodom
38.5%
45,693Vahdat
38.5%
37,738Isfara
38.5%
35,085Panjakent
38.5%
8,019Panj
30.8%
30,000Khorugh
23.1%
23,978Hisor
23.1%
21,736Vose'
23.1%
17,471Yovon
23.1%
15,215Vakhsh
23.1%
22,824Danghara
15.4%
21,736Farkhor
15.4%
18,476Kolkhozobod
15.4%
18,122Norak
15.4%
16,441Proletar
15.4%
13,372Adrasmon
15.4%
13,043Buston
15.4%
13,042Shahritus
15.4%
11,705Shaydon
15.4%
Population City % Correct
11,578Taboshar
15.4%
8,700Dusti
15.4%
21,537Chkalov
7.7%
26,000Ishqoshim
0%
23,696Boshkengash
0%
22,100Moskovskiy
0%
19,563Chubek
0%
13,833Nov
0%
11,955Muminobod
0%
10,815Murghob
0%
10,771Rasht
0%
10,035Obigarm
0%
9,943Abdurahmoni Jomi
0%
9,781Khodzha-Maston
0%
8,695Sovet
0%
8,474Gharavuti
0%
8,220Pakhtakoron
0%
7,731Roghun
0%
7,696Kirov
0%
5,988Orzu
0%
5,434Jilikul
0%
5,385Shahrinav
0%
5,352Novobod
0%
5,042Konsoy
0%

You're not logged in!

Compare scores with friends on all Sporcle quizzes.
Join for Free
OR
Log In

You Might Also Like...

Show Comments

Extras

Top Quizzes Today


Score Distribution

Your Account Isn't Verified!

In order to create a playlist on Sporcle, you need to verify the email address you used during registration. Go to your Sporcle Settings to finish the process.

Report this User

Report this user for behavior that violates our Community Guidelines.

Details: